International Valuation Standards (Record no. 121601)

MARC details
000 -LEADER
fixed length control field 02359cad a22003135a 4500
008 - FIXED-LENGTH DATA ELEMENTS--GENERAL INFORMATION
fixed length control field 230710s2021 xxk f f 001 0 eng d
020 ## - INTERNATIONAL STANDARD BOOK NUMBER
ISBN 9780993151347
041 0# - LANGUAGE CODE
Language code of text/sound track or separate title eng
110 2# - MAIN ENTRY--CORPORATE NAME
Corporate author Royal Institution of Chartered Surveyors
240 00 - UNIFORM TITLE
Uniform title <a href="Red Book">Red Book</a>
245 00 - TITLE STATEMENT
Title International Valuation Standards
Subtitle Effective 31 January 2022
Medium [Online publication]
260 ## - PUBLICATION INFORMATION
Place of publication London,
Publisher International Valuation Standards Council,
Date 2021
300 ## - PHYSICAL DESCRIPTION
Physical description 151p.
490 #0 - SERIES TITLE
Series statement RICS Valuation Standards
490 ## - SERIES TITLE
Series statement RICS Red Book
505 2# - CONTENTS
Contents IVS Framework - Bases of Value - Valuation Approaches and Methods - Intangible Assets - Inventory - Plant and Equipment - Real Property Interests - Development Property
520 ## - ABSTRACT
Abstract The International Valuation Standards (IVS) form the key guidance for valuation professionals globally and underpin consistency, transparency and confidence in valuations. Valuations are widely used and relied upon in financial and other markets, whether for inclusion in financial statements, for regulatory compliance or to support secured lending and transactional activity. The (IVS) are standards for undertaking valuation assignments using generally recognised concepts and principles that promote transparency and consistency in valuation practice.<br/><br/>The International Valuation Standards Council (IVSC) also promotes leading practice approaches to ensure the conduct and competence of professional valuers. The latest edition is effective from 31 January 2022. RICS have updated the Global Valuation Standards (Red Book) to incorporate the changes to the IVS’s. This became effective on 31st January 2022, the same date as the effective date for the revised IVS’s.
520 ## - ABSTRACT
Abstract Replaces IVS 2020 ISBN 9781783213832
520 ## - ABSTRACT
Abstract From 31 Jan 2025 replaced by IVS 2025, published Jan 2024 ISBN 9780993151378
650 24 - KEYWORDS
Keywords RICS VALUATION STANDARDS
650 24 - KEYWORDS
Keywords INTERNATIONAL VALUATION STANDARDS 2020
650 24 - KEYWORDS
Keywords RED BOOK
651 #4 - SUBJECT ADDED ENTRY--GEOGRAPHIC NAME
Geographic name International
690 ## - BROAD SUBJECT
Broad subject Valuation
9 (RLIN) 6273
710 2# - ADDED CORPORATE NAME
Added corporate author International Valuation Standards Council
710 ## - ADDED CORPORATE NAME
Added corporate author Royal Institution of Chartered Surveyors
856 40 - ONLINE RESOURCE
Uniform Resource Identifier <a href="https://www.rics.org/profession-standards/rics-standards-and-guidance/sector-standards/valuation-standards/red-book/international-valuation-standards">https://www.rics.org/profession-standards/rics-standards-and-guidance/sector-standards/valuation-standards/red-book/international-valuation-standards</a>
Public note Available on RICS.org
942 ## - ADDED ENTRY ELEMENTS (KOHA)
Suppress in OPAC Do not suppress in OPAC
Holdings
Lost status Damaged status Not for loan Home library Current library Shelving location Date acquired Total Checkouts Full call number Date last seen Price effective from Koha item type
      Virtual Virtual Online 10/07/2023   ONLINE PUBLICATION 10/07/2023 10/07/2023 Online material